| 000 | 00458cam a22001577a 4500 | ||
|---|---|---|---|
| 008 | 180718b1993 xxu||||| |||| 00| 0 eng d | ||
| 020 | _a0805311009 | ||
| 082 | _aI5372 C174 | ||
| 100 | _aCapron, H.L. | ||
| 245 |
_aComputers and information systems: tools for an information age _cby H.L. Capron and John D. Perron |
||
| 250 | _a3rd ed. | ||
| 260 |
_aCalifornia _bThe Benjamin _c1993 |
||
| 300 | _a608p. | ||
| 650 | _aComputers | ||
| 700 | _aPerron, John D. | ||
| 999 |
_c376474 _d376474 |
||